000 00559nam a2200241Ia 4500
008 210210b2012 xxu||||| |||| 00| 0 eng d
020 _a9788122312756
041 _aeng
082 _a820.33 PILC
100 _aPILLAI (Rajat)
245 _aChandragupta: path of a fallen demigod
260 _aDelhi
_bPustak Mahal
_c2012
300 _a303
650 _apath
650 _aof
650 _aHistorical
650 _afallen
650 _ademigod
650 _aChandragupta:
650 _aa
690 _aIndian English Fiction
906 _a066426
999 _c147692
_d147692